000 00318nam a2200145Ia 4500
008 230718s9999 xx 000 0 und d
041 _aEng.
082 _a343.54
_bSID-L
100 _aSiddiqui,Assar
245 0 _alaw of tosts
260 _aPakistan
_bAscasis
_c1993
300 _a440
650 _aLaw
999 _c30386
_d30386